000 00924nam a2200265Ia 4500
003 OSt
005 20221005104450.0
006 a|||||r|||| 00| 0
007 ta
008 221004b |||||||| |||| 00| 0 eng d
020 _a9788181663344 (hbk)
_c400
024 _a122828
037 _b13325, 14/07/2012, Kitab Ghar
_cTextual
040 _aCRL
_cCRL
_beng
041 _2eng
_aeng
082 _aO152,1N17x, Q0
100 _aसलिल, सुरेश
245 0 _aत्रिलोचन
_b चुनी हुई कविताएं
246 _aTrilochana: chunī huī kavitāean
260 _aदिल्ली
_bमेधा बुक्स भारत
_c2010
300 _a391पृ0
_ccm.
650 _aहिन्दी साहित्य
942 _hO152,1N17x, Q0
_cTEXL
_2cc
999 _c1012792
_d1012792